00357nam a22000977a 4500020001800000082001600018100001600034245018800050260001000238300001100248 a9780692490228 a613.71bDEV aDeva, Jon  aYou Can Do The Splits! Scientific Stretching for Fast Results!:bEverything You Need to Know to Achieve Maximum Flexibility as Quickly, Safely and Efficiently as Possible! /cJon Deva c2015. a51p. ;